000 01186nam0a2200241 i 4500
001 RU\NLR\bibl\2026451
005 20240723101223.0
035 _a(NLR Aleph) 002014467
090 _a4474703
_c4474703
100 _a20130419d2010 |||y0rusy50 ca
101 0 _arus
102 _aRU
105 _ay dm |||||
200 1 _aНаркотизация молодежи в российском обществе
_e(на материалах Приморского края)
_eавтореферат диссертации на соискание ученой степени к. социол. н.
_eспециальность 22.00.04 <Социальная структура, социальные институты и процессы>
_fГригорец Фания Исмагиловна
_g[Дальневост. гос. ун-т]
210 _aХабаровск
_d2010
215 _a21 с.
_d21
320 _aБиблиогр.: с. 21 (9 назв.) и в подстроч. примеч.
686 _a22.00.04
_2oksvnk
700 1 _aГригорец
_bФ. И.
_gФания Исмагиловна
801 0 _aRU
_bNLR
_c20130419
_gRCR
801 1 _aRU
_bNLR
_c20130419
942 _cBOOK